[Event "DSOL 06 Liga Gr-C 1st"]
[Site "Playchess.com INT"]
[Date "2020.07.28"]
[Round "6.1"]
[White "Bock, Timothy"]
[Black "Helbig, Edgar"]
[Result "1-0"]
[WhiteElo "1654"]
[BlackElo "1700"]
[PlyCount "117"]
[EventDate "2020.06.22"]
[EventType "team-tourn (rapid)"]
[EventCountry "GER"]
[SourceTitle "EXT 2021"]
[Source "ChessBase"]
[SourceDate "2020.10.23"]
[SourceVersion "1"]
[SourceVersionDate "2020.10.23"]
[SourceQuality "1"]
[WhiteTeam "Horst Emscher II"]
[BlackTeam "Bad Salzuflen Caissa"]
[WhiteTeamCountry "GER"]
[BlackTeamCountry "GER"]

1. e4 e5 2. Nf3 Nc6 3. Bb5 Nf6 4. 0-0 Nxe4 5. d4 d5 6. Nxe5 Bd7 7. Nxd7 Qxd7 8. Re1 0-0-0 9. Nd2 Nd6 10. Ba4 g6 11. Nf3 f6 12. c3 Bg7 13. Be3 Rhe8 14. Bc2 Nc4 15. b3 Nxe3 16. fxe3 Bh6 17. e4 dxe4 18. Bxe4 f5 19. Bxc6 Qxc6 20. Ne5 Qxc3 21. Nf7 Be3+ 22. Kh1 Rxd4 23. Qf3 Rde4 24. Ng5 R4e7 25. Rf1 Qc2 26. Nh3 c6 27. Ng1 Qb2 28. Qe2 Qf6 29. Qd3 Rd8 30. Qc4 Re4 31. Qxe4 fxe4 32. Rxf6 Bd4 33. Raf1 Bxf6 34. Rxf6 Rd2 35. a4 Rd3 36. Rf8+ Kc7 37. Rf7+ Kb6 38. Rxh7 Rxb3 39. Rg7 Rb4 40. Rxg6 a5 41. h4 Rxa4 42. h5 e3 43. Nf3 Re4 44. h6 Re8 45. h7 Rh8 46. Rg7 a4 47. Kg1 c5 48. Ne5 Ka6 49. Nd3 b6 50. g4 c4 51. Nc1 b5 52. Na2 Kb6 53. g5 c3 54. Nxc3 e2 55. Kf2 b4 56. Nxa4+ Kb5 57. Nb2 Kc6 58. Kxe2 Kd6 59. g6 1-0